| 000 | 01263nac a22002771u 4500 | ||
|---|---|---|---|
| 008 | 100915t xxu||||| |||| 00| 0 eng d | ||
| 010 | _a 2003389152 | ||
| 020 | _a0852960131 | ||
| 035 | _a(OCoLC)ocm47193979 | ||
| 082 | 0 | 0 |
_a629.2293 _bWES |
| 100 |
_aWestbrook, M. H. _919209 |
||
| 245 | 1 | 4 |
_aThe Electric Car : _bDevelopment and Future of Battery, Hybrid, and Fuel-cell Cars / _cMichael H. Westbrook. |
| 260 |
_aLondon : _bInstitution of Electrical Engineers; _aWarrendale, PA : _bSociety of Automotive Engineers, _c[2001] |
||
| 300 |
_axvi, 198 p. : _bill. ; _c24 cm. |
||
| 440 | 0 |
_v38 _919210 |
|
| 490 |
_919208 _aIEE power and energy series ; _n38 |
||
| 500 | _aCo-published by the Society of Automotive Engineers. | ||
| 504 | _aIncludes bibliographical references and index. | ||
| 650 | 0 |
_aElectric automobiles _xBatteries. _919211 |
|
| 650 | 0 |
_aElectric automobiles _xHistory. _919212 |
|
| 650 | 0 |
_aHybrid electric cars. _919213 |
|
| 710 | 2 |
_aInstitution of Electrical Engineers. _919214 |
|
| 710 | 2 |
_aSociety of Automotive Engineers. _919215 |
|
| 942 |
_cBB _k629.2293WES _2ddc |
||
| 999 |
_c4359 _d4359 |
||